000 00620nam a2200169 a 4500
001 000013669
005 20200929163315.0
008 091127s1994 dr r 001 0 spa d
040 _aDO-SdBNP
_bspa
_cBNPHU
082 _axxx
_bS321r
100 1 _aScheker Mendoza, Elka
_931104
245 1 3 _aEl régimen de la comunidad legal de bienes :
_brecopilación jurisprudencial comentada años 1979-1989 /
_cElka Scheker Mendoza, Circo Almánzar Melgen.
260 _aSanto Domingo :
_bCapel Dominicana,
_c1994.
300 _a107 p. ;
_c22 cm.
500 _aIncluye índice alfabético
500 _aIncluye notas al pie de páginas
999 _c13283
_d13283